000 00849nas a2200265 4500
001 BR9703538
003 BR-BrBNA
005 20231205100322.0
007 ta
008 230509b bl.|||p| |||| 00| 00por d
040 _aBR-BrBNA
_bpor
_cBiblioteca Nacional de Agricultura
041 _a(Pt)
072 _aL72
100 1 _aScott, F.B.
100 1 _aCoumendouros, K.
100 1 _aGrisi, L.
245 1 _aAvaliacao in vitro da susceptibilidade da Haematobia Irritans a alguns inseticidas no Estado de Sao Paulo
650 _aMosca dos Chifres
650 _aResistencia a Pesticida
650 _aCultura In Vitro
650 _aSao Paulo
773 0 _tRevista Brasileira de Parasitologia Veterinaria (Brazil)
_xISSN 0103-846X
_g(Aug 1994), v. 3(2) p. 83-85
_wBR9703538
909 _a202311
_bLúcia
_c55
_dLúcia Elande
942 _2AGRIS
_n0
_cANA
999 _c155332
_d155332